Strategic management / (Record no. 99389)

MARC details
000 -LEADER
fixed length control field 01239nam a22003017a 4500
005 - DATE AND TIME OF LATEST TRANSACTION
control field 20230112155416.0
010 ## - LCCN (DPL NO)
LC control number 1617EN ENG-115045 ENG-135981
020 ## - INTERNATIONAL STANDARD BOOK NUMBER
International Standard Book Number 9789339204099
Terms of availability 595.00
020 ## - INTERNATIONAL STANDARD BOOK NUMBER
International Standard Book Number 9339204093
Terms of availability 595.00
020 ## - INTERNATIONAL STANDARD BOOK NUMBER
International Standard Book Number 9789339204099
Terms of availability 650.00 (Ashok Vihar)
035 ## - SYSTEM CONTROL NUMBER
System control number B-654104-114
035 ## - SYSTEM CONTROL NUMBER
System control number EN-98577
035 ## - SYSTEM CONTROL NUMBER
System control number B-665171
035 ## - SYSTEM CONTROL NUMBER
System control number EN-119513
037 ## - SOURCE OF ACQUISITION
Source of stock number/acquisition ABC
037 ## - SOURCE OF ACQUISITION
Source of stock number/acquisition DBAD/PUB
082 ## - DEWEY DECIMAL CLASSIFICATION NUMBER
Classification number 658.4012
100 ## - MAIN ENTRY--PERSONAL NAME
Personal name Kachru, Upendra
245 ## - TITLE STATEMENT
Title Strategic management /
Statement of responsibility, etc by Upendra Kachru
250 ## - EDITION STATEMENT
Edition statement 2nd ed
260 ## - PUBLICATION, DISTRIBUTION, ETC. (IMPRINT)
Place of publication, distribution, etc New Delhi
Name of publisher, distributor, etc McGraw Hill Education
Date of publication, distribution, etc 2015
270 ## - ADDRESS
Address P-24, Green Park Extension
City New Delhi
Postal code 110016
300 ## - PHYSICAL DESCRIPTION
Extent xxvi,799p.
Dimensions 28cm(pbk)
Other physical details ill.
500 ## - GENERAL NOTE
General note Includes bibliographical references and index
942 ## - ADDED ENTRY ELEMENTS (KOHA)
Source of classification or shelving scheme Dewey Decimal Classification
Item type English Books
Call number suffix KAC
Classification part 658.4012
Holdings
Withdrawn status Lost status Not for loan Collection code Home library Current library Date acquired Source of acquisition Cost, normal purchase price Full call number Barcode Copy number Cost, replacement price Koha item type
      Non-fiction Ashok Vihar Ashok Vihar 11/05/2017 BPPD/EN/2016-17/AV/16-17/452/15.2.2017/5058/28.2.2017/ 7.3.2017 650.00 658.4012 KAC B-665171 1 650.00 English Books
      Non-fiction Bawana Bawana 16/02/2017 BPPD/EN/2016-17/286/24.11.2016/4996/3.12.2016/4.1.2017 595.00 658.4012 KAC B-654110 1 595.00 English Books
      Non-fiction Bawana Bawana 16/02/2017 BPPD/EN/2016-17/286/24.11.2016/4996/3.12.2016/4.1.2017 595.00 658.4012 KAC B-654112 1 595.00 English Books
      Non-fiction Central Library Central Library 16/02/2017 BPPD/EN/2016-17/286/24.11.2016/4996/3.12.2016/4.1.2017 595.00 658.4012 KAC B-654104 1 595.00 English Books
    Not For Loan Non-fiction D.B.Act.Division D.B.Act.Division 26/02/2016 DBAD/PUB 595.00 658.4012 KAC EN-98577 1 595.00 English Books
      Non-fiction Janak Puri Janak Puri 16/02/2017 BPPD/EN/2016-17/286/24.11.2016/4996/3.12.2016/4.1.2017 595.00 658.4012 KAC B-654108 1 595.00 English Books
      Non-fiction Kasturba Gandhi Marg Kasturba Gandhi Marg 16/02/2017 BPPD/EN/2016-17/286/24.11.2016/4996/3.12.2016/4.1.2017 595.00 658.4012 KAC B-654107 1 595.00 English Books
      Non-fiction Katevara Katevara 12/01/2023 DBAD/PUB 595.00 658.4012 KAC EN-119513 1 595.00 English Books
      Non-fiction Narela Narela 16/02/2017 BPPD/EN/2016-17/286/24.11.2016/4996/3.12.2016/4.1.2017 595.00 658.4012 KAC B-654111 1 595.00 English Books
      Non-fiction New Police Line New Police Line 16/02/2017 BPPD/EN/2016-17/286/24.11.2016/4996/3.12.2016/4.1.2017 595.00 658.4012 KAC B-654105 1 595.00 English Books
      Non-fiction Patel Nagar Patel Nagar 16/02/2017 BPPD/EN/2016-17/286/24.11.2016/4996/3.12.2016/4.1.2017 595.00 658.4012 KAC B-654106 1 595.00 English Books
      Non-fiction Sarojini Nagar Sarojini Nagar 16/02/2017 BPPD/EN/2016-17/286/24.11.2016/4996/3.12.2016/4.1.2017 595.00 658.4012 KAC B-654109 1 595.00 English Books
      Non-fiction Shahdara Branch Shahdara Branch 16/02/2017 BPPD/EN/2016-17/286/24.11.2016/4996/3.12.2016/4.1.2017 595.00 658.4012 KAC B-654113 1 595.00 English Books
      Non-fiction Yojana Vihar Yojana Vihar 16/02/2017 BPPD/EN/2016-17/286/24.11.2016/4996/3.12.2016/4.1.2017 595.00 658.4012 KAC B-654114 1 595.00 English Books

© Delhi Public Library
Hit Counter
free hit counter